000 00578nam a22001817a 4500
999 _c59306
_d59306
005 20230116155148.0
008 230116s2017ge xxu||||| |||| 00| 0 ger d
020 _a9783126050326 X
041 _ager
080 _a811.112.1 S-58
100 _aSieber, Tanja
_916686
245 _aAspekte neu. Grammatik B1plus bis C1 /
_cTanja Sieber.
264 _aStuttgart:
_bErnst klett sprachen,
_c[2017].
300 _a 79 p.:
_b Illust;
_c28 cm.
653 _a Aspekte neu. Grammatik B1plus bis C1
653 _aგერმანული გრამატიკა
942 _2udc
_cBK